| 000 | 01408nam a2200337Ia 4500 | ||
|---|---|---|---|
| 001 | ebr10375152 | ||
| 003 | CaPaEBR | ||
| 006 | m u | ||
| 007 | cr cn||||||||| | ||
| 008 | 990113s2000 enka sb 001 0 eng d | ||
| 010 | _z 99011188 | ||
| 020 | _z9780195092998 | ||
| 020 | _z0195092996 (alk. paper) | ||
| 040 |
_aCaPaEBR _cCaPaEBR |
||
| 035 | _a(OCoLC)657981411 | ||
| 050 | 1 | 4 |
_aR726.8 _b.P778 2000eb |
| 245 | 0 | 0 |
_aHandbook of psychiatry in palliative medicine _h[electronic resource] / _cedited by Harvey Max Chochinov, William Breitbart. |
| 246 | 3 | 0 | _aPsychiatry in palliative medicine |
| 260 |
_aOxford ; _aNew York : _bOxford University Press, _cc2000. |
||
| 300 |
_axx, 435 p. : _bill. |
||
| 504 | _aIncludes bibliographical references and index. | ||
| 533 |
_aElectronic reproduction. _bPalo Alto, Calif. : _cebrary, _d2010. _nAvailable via World Wide Web. _nAccess may be limited to ebrary affiliated libraries. |
||
| 650 | 0 |
_aPalliative treatment _xPsychological aspects. |
|
| 650 | 0 |
_aTerminal care _xPsychological aspects. |
|
| 650 | 0 |
_aCritically ill _xMedical care _xPsychological aspects. |
|
| 655 | 7 |
_aElectronic books. _2local |
|
| 700 | 1 | _aChochinov, Harvey Max. | |
| 700 | 1 |
_aBreitbart, William, _d1951- |
|
| 710 | 2 | _aebrary, Inc. | |
| 856 | 4 | 0 |
_uhttp://site.ebrary.com/lib/rucke/Doc?id=10375152 _zAn electronic book accessible through the World Wide Web; click to view |
| 999 |
_c99984 _d99984 |
||